Visualizzazione normale
Vista MARC
- Sacra Congregazione per l'Educazione Cattolica
di Personal Name
Records bibliografici associati: 1
001 - CONTROL NUMBER
- control field: 62793
003 - CONTROL NUMBER IDENTIFIER
- control field:
005 - DATE AND TIME OF LATEST TRANSACTION
- control field: 20251128102410.0
008 - FIXED-LENGTH DATA ELEMENTS
- fixed length control field: 251128|| aca||aabn | a|a d
040 ## - CATALOGING SOURCE
- Original cataloging agency:
- Transcribing agency:
100 ## - HEADING--PERSONAL NAME
- Personal name: Sacra Congregazione per l'Educazione Cattolica
670 ## - SOURCE DATA FOUND
- Source citation: Work cat.: ()208951: Sacra Congregazione per l'Educazione Cattolica, Orientamenti educativi sull'amore umano, 1983